00835nam a2200229 a 4500001001000000003000500010005001700015008004100032010001100073011001100084040000900095100003100104245011200135260004100247500006000288502007000348650003300418650003300451650002900484650002200513856007000535000111117CHAP20220329144159.0141204s2014 mx a |sm |||||||spa d a107579 a108551 cCHAP1 aPulido Luna, Jorge Alberto10aManejo comunitario del fuego en Marqués de Comilla, Chiapash[En línea]cpor Jorge Alberto Pulido Luna. aChapingo, Méx. :bEl autor,c2014. aPara ver el contenido del material haga clic en la liga aTesis (Ing. Forestal ) -- UACH. División de Ciencias Forestales14aBosquesxIncendiosxControl.14aBosquesxIncendioszChiapas.14aIncendiosxPrevención.14aQuema controlada. aFinding aiduhttp://10.13.5.2/tesis/sist111117.pdfzTeclea aquí